| 000 | 00488cam a2200193ua 4500 | ||
|---|---|---|---|
| 001 | 1145 | ||
| 008 | 110613n ii |||gr||||Z||||||asm | ||
| 020 | _a81-7339-143-2 | ||
| 040 | _cMAIN | ||
| 082 | _a330.1508 | ||
| 245 | 1 |
_aArthanaitik bhabdharar buronji _cby Khirod Saikia |
|
| 250 | _a9th. | ||
| 260 |
_aDibrugarh: _bBanalata,997. |
||
| 300 |
_a264p.: _c8cm. |
||
| 653 | _aEconomics | ||
| 653 | _aArthanaitik bhabdharar buronji | ||
| 700 |
_aSaikia, Khirod., _eAuthor. |
||
| 942 | _cBK | ||
| 999 |
_c1057 _d1057 |
||